[Event "Cuneo Province-ch"]
[Site "Cuneo"]
[Date "2013.03.02"]
[Round "3"]
[White "Sattanino, Andrea"]
[Black "Sola, Giuseppe"]
[Result "0-1"]
[WhiteElo "1854"]
[BlackElo "2042"]
[PlyCount "50"]
[EventDate "2013.03.01"]
[EventType "swiss"]
[EventRounds "5"]
[EventCountry "ITA"]
[SourceTitle "EXT 2014"]
[Source "ChessBase"]
[SourceDate "2013.11.20"]
[SourceVersion "1"]
[SourceVersionDate "2013.11.20"]
[SourceQuality "1"]

1. d4 e6 2. c4 Nf6 3. Nc3 d5 4. Bf4 c6 5. e3 Bd6 6. Bg3 Bxg3 7. hxg3 Nbd7 8. Nf3 Qe7 9. Qc2 b6 10. Be2 Bb7 11. Ne5 h6 12. g4 0-0-0 13. c5 bxc5 14. Nxd7 Nxd7 15. dxc5 Qxc5 16. 0-0 h5 17. b4 Qe7 18. Rfc1 hxg4 19. Bxg4 Qxb4 20. Bf3 Ne5 21. Rab1 Nxf3+ 22. gxf3 Qh4 23. Kf1 Qc4+ 24. Kg2 Rh6 25. Qb2 Rg6+ 0-1

[Event "Robecchetto op-A 21th"]
[Site "Robecchetto"]
[Date "2010.12.29"]
[Round "4"]
[White "Sola, Giuseppe"]
[Black "Di Chiara, Mauro"]
[Result "1-0"]
[WhiteElo "2019"]
[BlackElo "1945"]
[PlyCount "135"]
[EventDate "2010.12.27"]
[EventType "swiss"]
[EventRounds "6"]
[EventCountry "ITA"]
[SourceTitle "EXT 2024"]
[Source "ChessBase"]
[SourceDate "2023.10.10"]
[SourceVersion "1"]
[SourceVersionDate "2023.10.10"]
[SourceQuality "1"]

1. b3 e5 2. Bb2 d6 3. e3 Nf6 4. d4 exd4 5. Qxd4 Nc6 6. Qh4 Be7 7. Nf3 Bf5 8. Bb5 0-0 9. Bxc6 bxc6 10. Nd4 Bd7 11. Nc3 c5 12. Nde2 Bf5 13. 0-0-0 Qd7 14. Qf4 Be6 15. g4 c4 16. g5 Nh5 17. Qh4 g6 18. Ng3 Bg4 19. Nd5 Bxd1 20. Rxd1 Nxg3 21. hxg3 h5 22. Qd4 f6 23. gxf6 Bd8 24. f7+ Kxf7 25. Qxc4 Qe6 26. Qc3 c5 27. Qg7+ Ke8 28. Nf4 Qf7 29. Qh6 Bf6 30. Rxd6 Rh8 31. Qxg6 Bxb2+ 32. Kxb2 Qxg6 33. Nxg6 Rh6 34. Rc6 Rd8 35. Kc3 Rd5 36. f4 h4 37. gxh4 Rdh5 38. Ne5 Rxc6 39. Nxc6 a6 40. Kc4 Kd7 41. Ne5+ Kc7 42. Kxc5 Rxh4 43. Kd4 Rh2 44. Kd3 Kd6 45. a4 Kc5 46. Nf3 Rf2 47. Nd4 Rf1 48. Ke4 Re1 49. f5 Kd6 50. Kd3 Rh1 51. a5 Ke5 52. b4 Rb1 53. c3 Rd1+ 54. Kc2 Rh1 55. Kd3 Rd1+ 56. Kc4 Ke4 57. Ne6 Kxf5 58. Nc7 Rd6 59. Kc5 Rd3 60. c4 Rxe3 61. Nxa6 Ke6 62. Nc7+ Kd7 63. Nd5 Re6 64. b5 Kc8 65. a6 Kb8 66. b6 Rh6 67. Kb5 Ka8 68. b7+ 1-0

[Event "Carignano Mo Memorial 5th"]
[Site "Carignano"]
[Date "2010.05.07"]
[Round "1"]
[White "Sola, Giuseppe"]
[Black "Nanni, Sergio"]
[Result "1-0"]
[WhiteElo "2038"]
[BlackElo "1730"]
[PlyCount "51"]
[EventDate "2010.05.07"]
[EventType "swiss"]
[EventRounds "5"]
[EventCountry "ITA"]
[SourceTitle "EXT 2024"]
[Source "ChessBase"]
[SourceDate "2023.10.10"]
[SourceVersion "1"]
[SourceVersionDate "2023.10.10"]
[SourceQuality "1"]

1. d4 d5 2. Nf3 Nf6 3. Bf4 e6 4. e3 Be7 5. Bd3 Nbd7 6. Nbd2 c5 7. c3 b6 8. e4 Bb7 9. e5 Ne4 10. h4 cxd4 11. cxd4 a5 12. Qe2 Nxd2 13. Bxd2 Rc8 14. Kf1 h6 15. Rh3 Rg8 16. h5 Nf8 17. Rg3 g5 18. hxg6 Nxg6 19. Bxh6 Bh4 20. Rh3 Rh8 21. Bxg6 fxg6 22. Bg5 Qd7 23. Rxh4 Rf8 24. Bf6 Bc6 25. Kg1 Bb5 26. Qd2 1-0

[Event "Asti op 4th"]
[Site "Asti"]
[Date "2009.04.18"]
[Round "3"]
[White "Rasulo, Stefano"]
[Black "Sola, Giuseppe"]
[Result "0-1"]
[WhiteElo "1774"]
[BlackElo "1993"]
[PlyCount "70"]
[EventDate "2009.04.16"]
[EventType "swiss"]
[EventRounds "6"]
[EventCountry "ITA"]
[SourceTitle "CBM 130 Extra"]
[Source "ChessBase"]
[SourceDate "2009.07.02"]
[SourceVersion "2"]
[SourceVersionDate "2009.07.15"]
[SourceQuality "1"]

1. e4 c5 2. Nf3 d6 3. d4 cxd4 4. Nxd4 Nf6 5. Nc3 a6 6. f3 e5 7. Nb3 Be6 8. Be3 Nbd7 9. g4 Nb6 10. g5 Nfd7 11. Nd5 Rc8 12. Qd2 Nxd5 13. exd5 Bf5 14. Bd3 Bxd3 15. Qxd3 Be7 16. h4 h6 17. g6 Bxh4+ 18. Ke2 Bf6 19. gxf7+ Kxf7 20. Rag1 e4 21. Qxe4 Qe8 22. c3 Qxe4 23. fxe4 Rhe8 24. Nd2 b5 25. Rf1 Kg8 26. Rfg1 Kh7 27. Rg4 Ne5 28. Rg2 Nc4 29. Rgh2 Nxd2 30. Kxd2 Rxe4 31. Bxh6 gxh6 32. Rxh6+ Kg7 33. Rh7+ Kg8 34. Rd7 Be7 35. Rh6 Bg5+ 0-1

[Event "Piemonte-ch"]
[Site "Turin"]
[Date "2008.04.20"]
[Round "1"]
[White "Berutti, Mario"]
[Black "Sola, Giuseppe"]
[Result "0-1"]
[WhiteElo "1757"]
[BlackElo "1989"]
[PlyCount "72"]
[EventDate "2008.04.20"]
[EventType "swiss"]
[EventRounds "9"]
[EventCountry "ITA"]
[SourceTitle "EXT 2011"]
[Source "ChessBase"]
[SourceDate "2010.11.26"]
[SourceVersion "1"]
[SourceVersionDate "2010.11.26"]
[SourceQuality "1"]

1. e4 c5 2. d4 e6 3. c3 Nf6 4. Bg5 h6 5. Bxf6 Qxf6 6. Nf3 d6 7. Bd3 Nc6 8. 0-0 Bd7 9. d5 Ne5 10. Nxe5 Qxe5 11. f4 Qf6 12. dxe6 Qxe6 13. Nd2 Be7 14. Bc4 Qg6 15. f5 Qf6 16. Nf3 Bc6 17. Qe2 0-0 18. Rad1 Rfe8 19. e5 Bxf3 20. Qxf3 dxe5 21. Qxb7 Rab8 22. Qd7 Red8 23. Qa4 Rxd1 24. Rxd1 Qg5 25. Bb3 Qe3+ 26. Kf1 c4 27. Qxc4 Bc5 28. Qh4 Qg1+ 29. Ke2 Qxg2+ 30. Ke1 Qg1+ 31. Ke2 Qe3+ 32. Kf1 Qf3+ 33. Ke1 Qxf5 34. Ke2 Rf8 35. Kd2 Bf2 36. Rf1 Qd7+ 0-1

[Event "Savigliano 6th"]
[Site "Savigliano"]
[Date "2007.06.01"]
[Round "2"]
[White "Sola, Giuseppe"]
[Black "Blengino, Luca"]
[Result "1-0"]
[WhiteElo "1935"]
[BlackElo "1854"]
[PlyCount "61"]
[EventDate "2007.05.31"]
[EventType "swiss"]
[EventRounds "6"]
[EventCountry "ITA"]
[SourceTitle "EXT 2009"]
[Source "ChessBase"]
[SourceDate "2008.11.26"]
[SourceVersion "1"]
[SourceVersionDate "2008.11.26"]
[SourceQuality "1"]

1. Nf3 Nf6 2. c4 g6 3. Nc3 Bg7 4. g3 d6 5. Bg2 e5 6. d3 0-0 7. 0-0 Nc6 8. Rb1 a5 9. a3 Nd7 10. b4 axb4 11. axb4 f5 12. Bg5 Qe8 13. Nd5 Qf7 14. Nxc7 Nb6 15. Nxa8 Nxa8 16. b5 Nd8 17. Bxd8 Rxd8 18. Ng5 Qe7 19. Bd5+ Kf8 20. Nxh7+ Ke8 21. h4 Bh6 22. Ng5 Bxg5 23. hxg5 Qxg5 24. b6 f4 25. Kg2 Ke7 26. Rh1 fxg3 27. Rh7+ Kf8 28. fxg3 Qe3 29. Qf1+ Bf5 30. Qf2 Qxf2+ 31. Kxf2 1-0

[Event "Savigliano 6th"]
[Site "Savigliano"]
[Date "2007.05.31"]
[Round "1"]
[White "Mrdja, Milan"]
[Black "Sola, Giuseppe"]
[Result "1-0"]
[WhiteElo "2367"]
[BlackElo "1935"]
[PlyCount "77"]
[EventDate "2007.05.31"]
[EventType "swiss"]
[EventRounds "6"]
[EventCountry "ITA"]
[SourceTitle "EXT 2009"]
[Source "ChessBase"]
[SourceDate "2008.11.26"]
[SourceVersion "1"]
[SourceVersionDate "2008.11.26"]
[SourceQuality "1"]

1. e4 e6 2. d4 d5 3. Nc3 dxe4 4. Nxe4 Nd7 5. Bd3 Ngf6 6. Qe2 Nxe4 7. Bxe4 Nf6 8. Bxb7 Rb8 9. Bc6+ Bd7 10. Bxd7+ Qxd7 11. Nf3 Be7 12. 0-0 0-0 13. c4 h6 14. Rd1 Rfd8 15. Be3 Qa4 16. b3 Qb4 17. Ne5 Qb7 18. h3 Nd7 19. Qf3 Nxe5 20. Qxb7 Rxb7 21. dxe5 Kf8 22. Kf1 a6 23. Ke2 Ke8 24. Rxd8+ Kxd8 25. Rd1+ Kc8 26. Rd4 Bc5 27. Rd3 Be7 28. Bd2 Bf8 29. Ba5 h5 30. g4 hxg4 31. hxg4 f6 32. exf6 gxf6 33. Rh3 c5 34. Rh8 Rf7 35. Bd2 Kd7 36. f4 f5 37. g5 Kd6 38. Bc3 Bg7 39. Rh7 1-0

[Event "Turin Piemonte op 6th"]
[Site "Turin"]
[Date "2005.11.27"]
[Round "8"]
[White "Torrione, William"]
[Black "Sola, Giuseppe"]
[Result "1/2-1/2"]
[WhiteElo "1883"]
[BlackElo "1902"]
[PlyCount "107"]
[EventDate "2005.11.18"]
[EventType "swiss"]
[EventRounds "9"]
[EventCountry "ITA"]
[SourceTitle "EXT 2007"]
[Source "ChessBase"]
[SourceDate "2006.11.23"]
[SourceVersion "1"]
[SourceVersionDate "2006.11.23"]
[SourceQuality "1"]

1. d4 Nf6 2. c4 e6 3. Nc3 Bb4 4. a3 Bxc3+ 5. bxc3 c5 6. Qc2 d6 7. e4 e5 8. d5 Nbd7 9. Bd3 Nf8 10. Ne2 Ng6 11. 0-0 Bd7 12. f3 h6 13. Be3 Qa5 14. g3 0-0-0 15. Nc1 Ba4 16. Nb3 Qc7 17. Qb2 Nd7 18. Bc2 Bxb3 19. Qxb3 h5 20. h3 h4 21. g4 Nf4 22. Kh2 Kb8 23. Rfb1 Ka8 24. a4 f6 25. a5 Rb8 26. Qb5 g6 27. Ba4 Rhd8 28. a6 Nb6 29. axb7+ Rxb7 30. Qa6 Nxa4 31. Qxa4 g5 32. Bxf4 exf4 33. Rb5 Rdb8 34. Rab1 Rxb5 35. cxb5 c4 36. Qb4 Qb6 37. Rb2 Rc8 38. Ra2 Kb7 39. Kg2 Rc7 40. Ra6 Qe3 41. Qb2 Qe1 42. Qf2 Qxc3 43. Rxa7+ Kc8 44. Rxc7+ Kxc7 45. Qa7+ Kc8 46. Qa6+ Kd7 47. Qc6+ Ke7 48. Qc7+ Ke8 49. Qc8+ Kf7 50. Qe6+ Kg7 51. Qe7+ Kg6 52. Qe8+ Kg7 53. Qe7+ Kh6 54. Qf8+ 1/2-1/2